Quasidifferential calculus

Αποθηκεύτηκε σε:
Λεπτομέρειες βιβλιογραφικής εγγραφής
Κύριος συγγραφέας: Demianov, V. F. (Vladimir Fedorovich) 1938-
Άλλοι συγγραφείς: Rubinov, Aleksandr Moiseevich
Μορφή: Βιβλίο
Γλώσσα:English
Δημοσίευση: New York : Optimization Software, Publications Division, 1986
Σειρά:Translations series in mathematics and engineering
Θέματα:
Ετικέτες: Προσθήκη ετικέτας
Δεν υπάρχουν, Καταχωρήστε ετικέτα πρώτοι!

MARC

LEADER 00000cam a2200000 i 4500
001 1/55760
008 941103s1986 eng d
020 |a 0911575359 
035 |l 10045375 
035 |a 1993  |c ΧΑΤΖΗΣΑΒΒΑΣ 
040 |a GR-MY-UA  |b gre  |e aacr 
041 0 |a eng 
082 0 |a 515.33  |2 (19) 
100 1 |a Demianov, V. F.  |q (Vladimir Fedorovich)  |d 1938- 
245 1 0 |a Quasidifferential calculus /  |c Vladimir F. Dem'yanov, Alexander M. Rubinov 
260 |a New York :   |b Optimization Software, Publications Division,   |c 1986 
300 |a xi, 289 p.;  |b ill.;  |c 24 cm 
490 1 |a Translations series in mathematics and engineering 
500 |a Includes index 
504 |a Bibliography: p. 269-282 
650 0 0 |a Differential calculus. 
700 1 |a Rubinov, Aleksandr Moiseevich. 
830 0 |a Translations series in mathematics and engineering 
852 |a INST  |b SAMOS  |e 19941103  |h 515.33 DEM  |p 005300003890  |q 005300003890  |t BK  |y 0 
909 |a Σ  |b 026633